| 000 | 01391nam0a2200349 4500 | ||
|---|---|---|---|
| 001 | RU\NLR\BIBL_A\022552631 | ||
| 005 | 20260420045055.0 | ||
| 010 |
_a978-5-907784-45-1 _92000 |
||
| 021 |
_aRU _bКН-П-25-018516 _9КН-П-25-1876 |
||
| 035 | _a(NLR Aleph) 022552631 | ||
| 090 |
_a13673644 _c13673644 |
||
| 100 | _a20250528d2025 u y0rusy50 ca | ||
| 101 | 0 | _arus | |
| 102 | _aRU | ||
| 105 | _aa z 000ay | ||
| 181 | 0 |
_ai _baxxe |
|
| 182 | 0 | _an | |
| 200 | 1 |
_aКактус Леонова _eзаписки япониста о важном и разном _fКатя Тарасова |
|
| 203 |
_aТекст _bвизуальный _cнепосредственный |
||
| 210 |
_aМосква _cLivebook _d2025 |
||
| 215 |
_a318, [1] с. _cил. _d20 |
||
| 300 | _aВ конце кн. авт.: Катя Тарасова, японист, переводчик-синхронист | ||
| 333 | _a16+ | ||
| 600 | 1 |
_aТарасова _bЕ. С. _f1969 _gЕкатерина Сергеевна _92680791 _3RU\NLR\AUTH\6601761237 |
|
| 686 | 1 | _aШ1г(2)7дТарасова | |
| 686 | 2 | _aШ6(2=Р)8-491 | |
| 700 | 1 |
_7ca _8rus _aТарасова _bЕ. С. _cпереводчик-японист _f1969- _gЕкатерина Сергеевна _938185 _3RU\NLR\AUTH\7755253 |
|
| 942 | _cBOOK | ||
| 980 | _aNB | ||